Manhunt Bangkok Taskforce - Statistiken

Allgemein
  • Dieses Quiz wurde 13 mal gespielt
  • Das Durchschnittsergebnis liegt bei 5 aus 7
Antwortstatistiken
Nummer Hunter % Korrekt
6 Willi
100%
5 Stefan
83%
1 Armin
67%
7 Julius
67%
2 Kon
67%
4 Adrian
58%
3 Kati
50%
Keine übereinstimmenden Quizze gefunden
Verteilung der Resultate
Anzahl Personen mit jedem Resultat
Perzentil nach korrekt beantworteten Fragen
Ihre Resultats-Entwicklung
Sie haben dieses Quiz noch nicht gespielt